| 000 | 00619nam a22001937a 4500 | ||
|---|---|---|---|
| 003 | OSt | ||
| 005 | 20250620032853.0 | ||
| 008 | 250619b |||||||| |||| 00| 0 eng d | ||
| 020 | _a978-621-478-035-8 | ||
| 040 |
_aDWCL-Main Lib _cOC |
||
| 082 | _aFil. 302.2 M516c 2023 | ||
| 100 | _aMejia, Joseph Richard O. | ||
| 245 |
_aCommunicating with purpose/ _cJoseph Richard O. Mejia |
||
| 260 |
_aManila, Philippines: _bEDRIC Publishing House, _cc2023. |
||
| 300 |
_aiv, 92 pages: _billustrations; _c25cm. |
||
| 504 | _aIncludes bibliographical references. | ||
| 650 | _a1. Communication | ||
| 942 |
_2ddc _cBK - FIL _kFil. _n0 |
||
| 999 |
_c3178 _d3178 |
||